000 00449nam a2200181Ia 4500
008 180921t2016 xxu||||| |||| 00| 0 sin d
041 _asin
080 _a8-31(
_bRussian) GOR
100 _aGorky, Maxim
245 _aඅම්මා
246 _aAmma
260 _bAratuwa publisher
_aMeegamuwa
_c2016
300 _a592p, 21cm
700 _aHastika Polwattage
_etr.
942 _cBK
999 _c10596
_d10596
003 LK-CoDNM
040 _aLK-CoDNM
_dLK-CoDNM
_eLK-CoDNM